La Revolución Mexicana : mi contribución político-literaria /
Esta edición fue publicada con motivo del 75° aniversario del inicio de la Revolución y aparece acreditada como una reproducción facsimilar de la ed. original de 1936, publicada por A. del Bosque en la capital mexicana, aunque no fue empleado papel diferente para la impresión de las cinco láminas de...
Na minha lista:
| Autor principal: | |
|---|---|
| Formato: | Livro |
| Idioma: | espanhol |
| Publicado em: |
México :
Instituto Nacional de Estudios Históricos de la Revolución Mexicana,
1985, c1985
|
| Colecção: | (Biblioteca de Obras Fundamentales de la Independencia y la Revolución)
|
| Assuntos: | |
| Tags: |
Sem tags, seja o primeiro a adicionar uma tag!
|
MARC
| LEADER | 00000nam^a2200000^a^4500 | ||
|---|---|---|---|
| 001 | 000103497 | ||
| 005 | 20250521000000.0 | ||
| 009 | 20260310093348.574 | ||
| 020 | |a 968-805-274-4 | ||
| 037 | |a Acervo ITESO - Biblioteca | ||
| 041 | |a ESP | ||
| 082 | |a 972. 061 |b GON | ||
| 100 | |a González Garza, Federico |e (autor) | ||
| 245 | 1 | 3 | |a La Revolución Mexicana : |b mi contribución político-literaria / |c F. González Garza. |
| 264 | 4 | |a México : |b Instituto Nacional de Estudios Históricos de la Revolución Mexicana, |c 1985, c1985 | |
| 300 | |a XV, 474, [5] p. | ||
| 336 | |a texto |b txt |2 rdacontenido | ||
| 337 | |a sin mediación |b n |2 rdamedio | ||
| 338 | |a volumen |b nc |2 rdasoporte | ||
| 440 | 1 | |a (Biblioteca de Obras Fundamentales de la Independencia y la Revolución) | |
| 520 | |a Esta edición fue publicada con motivo del 75° aniversario del inicio de la Revolución y aparece acreditada como una reproducción facsimilar de la ed. original de 1936, publicada por A. del Bosque en la capital mexicana, aunque no fue empleado papel diferente para la impresión de las cinco láminas de la obra: un retrato fotográfico del autor ubicado antes del inicio de su escrito y las fotografías situadas entre las páginas 112-13, 272-73, 328-29 y 400-01. | ||
| 534 | |a Reproducción facsimilar de la edición original de 1936, publicada por A. del Bosque en México | ||
| 545 | 0 | |a Federico González Garza (Saltillo, 1876 – Ciudad de México, 1951), político y abogado mexicano. Militó en el Partido Antirreelecionista desde 1906 y publicó numerosos artículos contra la dictadura porfirista en el periódico El Antirreelecionista. Participó muy activamente en la Revolución Maderista, entre otras tareas en la discusión y elaboración del Plan de San Luis, y fue un colaborador fiel de la presidencia de su coterráneo coahuilense Francisco I. Madero, somo subsecretario de Gobernación y de Justicia y gobernador del Distrito Federal. Se unió sucesivamente a las filas villistas y carrancistas en la lucha contra el régimen usurpador de Victoriano Huerta. Hermano mayor del también maderista Roque González Garza (1885-1962), nombrado presidente por la Convención Nacional Revolucionaria de Aguascalientes (1915), ambos partieron al exilio con el triunfo de los constitucionalistas y volvieron hasta después de la muerte de Venustiano Carranza. Trabajó posteriormente como jefe del Departamento Legal del Banco Nacional de México y fungió como ministro de la Suprema Corte de Justicia. Autor de El problema fundamental de México: ¿cumplen las escuelas oficiales, especialmente las llamadas preparatorias, su misión educativa en México? (Nueva York, 1917), publicó a su regreso El testamento político de Madero (1921), un discurso pronunciado con motivo del 11° aniversario del inicio del movimiento armado, y especialmente La Revolución Mexicana: mi contribución político-literaria (1936), valiosa compilación –testimonial y a la vez analítica- para conocer el alzamiento maderista. | |
| 649 | |a XX | ||
| 650 | |a Revolucionarios Mexicanos - |x Memorias | ||
| 650 | |a Políticos Mexicanos - |x Memorias | ||
| 650 | |a Política - |z México - |x Historia - |y Porfirismo, 1876-1911 | ||
| 650 | |a Política - |z México - |x Historia - |y República Liberal, 1867-1911 | ||
| 650 | |a Política - |z México - |x Historia - |y Revolución Maderista, 1910-1911 | ||
| 650 | |a Política - |z México - |x Historia - |y Régimen Maderista, 1911-1913 | ||
| 650 | |a Política - |z México - |x Historia - |y Revolución, 1910-1917 | ||
| 650 | |a Política - |z México - |x Historia - |y Siglo XX | ||
| 650 | |a México - |x Historia - |y Porfirismo, 1876-1911 | ||
| 650 | |a México - |x Historia - |y República Liberal, 1867-1911 | ||
| 650 | |a México - |x Historia - |y Revolución Maderista, 1910-1911 - |x Tema Principal | ||
| 650 | |a México - |x Historia - |y Régimen Maderista, 1911-1913 | ||
| 650 | |a México - |x Historia - |y Revolución, 1910-1917 | ||
| 650 | |a México - |x Historia - |y Siglo XX | ||
| 650 | |a González Garza, Federico - |x Tema Principal | ||
| 650 | |a Madero, Francisco I. - |x Tema Principal | ||
| 910 | |a Fondo Jesús Rodríguez | ||
| 920 | |a Impresos - Libros | ||
| 930 | |a Fondos Especiales | ||
| 905 | |a 113 | ||
| 901 | |a 0500039162 |b IT2 |c ESP |u 20250521 | ||
| 902 | |a https://opac.biblio.iteso.mx/vufind/Record/000103497 | ||